000 01596nam a2200325 4500
001 371
003 OSt
005 20250528074019.0
008 250403b |||||||e |||| 00| 1 eng d
020 _a9788501015112
040 _bpor
041 _heng
_apor
082 _a823
_bF735a
100 1 _aForsyth, Frederick,
_d1938-
_9458
240 _aThe Devil´s alternative
245 _aA alternativa do Diabo /
_cForsyth, Frederick ; Traduçãoi de A. B. Pinheiro de Lemos
250 _a8° ed.
260 _aRio de Janeiro
_bRecord
_c1979
300 _a438 p.
520 _aQualquer que fosse a sua opção, muitos homens iriam morrer! Essa é ´A Alternativa do Diabo´, uma aterradora decisão que o Presidente dos Estados Unidos e outros estadistas em todo o mundo têm de tomar. E esse é o tema do mais notável e ambicioso romance de Frederick Forsyth. À medida que a envolvente história deste livro vai adquirindo ímpeto, somos transportados de Moscou para Londres, de Roterdã para Washington, de uma casa de campo na Irlanda para bordo do maior petroleiro do mundo, que ameaça poluir todo o Atlântico Norte. O clímax mais espetacular já criado por este mestre do suspense e as surpresas de último minuto nos capítulos finais são de deixar o leitor de respiração presa.
650 0 _aLiteratura Inglesa
_989
650 0 _aPolitica
_9138
650 0 _aRomance Policial
_911
650 0 _aCrise Global
_9769
650 0 _aSuspense
_910
655 0 _aRomance
_923
655 0 _aFicção
_922
700 _aA. B. Pinheiro de Lemos
_eTradutor
_9109
942 _2ddc
_n0
_cBK
999 _c371
_d371